Statistics for The best marvel cinematic universe quiz

Click here to take the quiz!

General Stats

  • This quiz has been taken 144 times
  • The average score is 8 of 15

Answer Stats

HintAnswer% Correct
Black panther's countryWakanda
92%
Hoope will became what character in ant-man 2Wasp
90%
Actor that plays buckySebastian stan
80%
Hawkeye's real nameClint Barton
79%
Infinity stone in guardians of the GalaxyPower stone
77%
What did hulk say after he smashed Loki in the first avengersPuny God
70%
Agent 13 nameSharon carter
64%
Thor the dark world villianMalekith
62%
Daredevil,iron fist,Luke cage,Jessica jones will become what teamDefenders
58%
Second highest S.H.I.E.L.D agent that we see in the avengersMaria hill
53%
Ant-man became what in civil warGiant-man
43%
Odin is also known asAllfather
42%
5th phase 3 movieThor ragnarok
18%
Thanos will collect all the infinity stones use them in theInfinity gaunlet
5%
The first mandarin's nameIvan Vanko
2%

Score Distribution

Percentile by Number Answered

Percent of People with Each Score

Your Score History

You have not taken this quiz